01471nam a2200325 a 4500001001000000003000900010005001700019007001000036008003100046020001500077040002200092082002800114100002500142245008100167260010400248300004500352500006300397500007400460590002600534650003300560650002700593700002800620710004400648910003900692942001200731952012500743952013000868952013000998999001701128000007137DO-SdBNP20240312134111.0000007137090717s2005 mx 001 0 spa d z9681676270 aBPMSUbspacBPMSU 4a809.915bF385l 20052221 a Ferrer, Eulalio d 13aEl lenguaje de las trilogías /cEulalio Ferrer ; prólogo Octavio Paz b  aMéxico : bFondo de Cultura Económica ;bInstituto Nacional de Antropología e Historia,c2005 a(295 páginas sin numerar) ;c23 cm.b  aIncluye datos biogràficos del autor en la contracubierta aIncluye referencias bibliográficas y notas al pie de las páginas  aInventariado, 2024/VM 4aSimbolismo en la literatura. 4aTriadas (Filosofía) 1 aPaz, Octavio epról. 2 aFondo de Cultura Económica (México) aVMateo V. Control de calidad BPMSU 2ddccBK 00102ddc40708CGaBPMETbBPMETd2024-03-12l0oBPMSU CG 809.915 F385l 2005pBPMSU24030026r2024-03-12w2024-03-12yBK 00102ddc40708CGaBPMETbBPMETd2024-03-12l0oBPMSU CG 809.915 F385l 2005pBPMSU24030027r2024-03-12te.2w2024-03-12yBK 00102ddc40708CGaBPMETbBPMETd2024-03-12l0oBPMSU CG 809.915 F385l 2005pBPMSU24030028r2024-03-12te.3w2024-03-12yBK c14586d14586